| 000 | 00599nam a22002057a 4500 | ||
|---|---|---|---|
| 003 | OSt | ||
| 008 | 260502b |||||||| |||| 00| 0 eng d | ||
| 082 |
_a634.421 _bA61E |
||
| 100 | _aAnil Kumar | ||
| 245 |
_aEffect of Foliar Feeding of Certain Nutrients on Yield and Quality of Guava (Psidium guajava L.) CV. Sardar / _cby Anil Kumar |
||
| 260 |
_a.- Sabour, Bhagalpur _b: Bihar Agricultural College, RAU _c, 2006 |
||
| 300 | _a116p. | ||
| 502 |
_bPh.D. _d2006 |
||
| 650 | _aHorticulture | ||
| 650 | _aPomology | ||
| 650 | _aGuavas | ||
| 650 | _aThesis | ||
| 650 | _aPh. D. | ||
| 942 |
_2ddc _cT |
||
| 999 |
_c50360 _d50360 |
||